Entrenamiento de la fuerza: los mejores ejercicios y métodos para el deporte y la salud

Uloženo v:
Podrobná bibliografie
Hlavní autor: Boeckh-Behrens, Wend Uwe
Další autoři: Buskies, Wolfgang
Médium: Kniha
Jazyk:španělština
Vydáno: Barcelona, España Paidotribo 2005
Témata:
Tagy: Přidat tag
Žádné tagy, Buďte první, kdo vytvoří štítek k tomuto záznamu!

MARC

LEADER 00000nam a2200000 a 4500
001 UCK3023
003 CL-VaPUC
005 20220322074129.0
008 050408e20050000SP |||||||||||||||||spa|d
999 |c 312370  |d 312368 
020 |a 8480197935 
040 |c Pontificia Universidad Católica de Valparaíso 
082 0 4 |a 613.714 BOE 2005  |2 21 
100 0 |a Boeckh-Behrens, Wend Uwe  |9 491046 
245 1 0 |a Entrenamiento de la fuerza: los mejores ejercicios y métodos para el deporte y la salud 
260 0 3 |a Barcelona, España  |b Paidotribo  |c 2005 
300 |a 478 páginas 
583 |a last modification  |c 20050408 00:00:00  |k Rodrigo Vera 
650 0 |a Fuerza  |9 345825 
650 7 |a ENTRENAMIENTO ATLETICO  |2 CL-VaPUC  |9 491048 
650 0 |a Deportes  |9 224367 
700 0 |a Buskies, Wolfgang  |9 491047 
942 |c BK  |2 ddc 
945 |d 20050408 00:00:00  |a cmena 
952 |0 0  |1 0  |2 ddc  |4 0  |6 613_714000000000000_BOE_2005  |7 0  |8 A  |9 382583  |a BIBEDU  |b BIBEDU  |d 2019-11-21  |i 4107845  |l 2  |m 2  |o 613.714 BOE 2005  |p 4107845  |r 2022-10-11  |s 2022-09-26  |t 2  |w 2019-11-21  |y BK  |k EFI 
952 |0 0  |1 0  |2 ddc  |4 0  |6 613_714000000000000_BOE_2005  |7 0  |8 A  |9 382584  |a BIBEDU  |b BIBEDU  |d 2019-11-21  |i 4107853  |l 3  |o 613.714 BOE 2005  |p 4107853  |r 2024-04-26  |s 2024-04-26  |t 3  |w 2019-11-21  |y BK  |k EFI 
952 |0 0  |1 0  |2 ddc  |4 0  |6 613_714000000000000_BOE_2005  |7 0  |8 C  |9 382585  |a BIBCUR  |b BIBCUR  |d 2019-11-21  |i 4712323  |l 5  |o 613.714 BOE 2005  |p 4712323  |r 2025-04-22  |s 2020-11-16  |t 1  |w 2019-11-21  |y BK  |k DEN